| 000 | 00408nam a2200169 a 4500 | ||
|---|---|---|---|
| 001 | 1772713886258 | ||
| 003 | YourLibrary | ||
| 005 | 20260305180324.0 | ||
| 008 | 260305s1989##################000#0#eng## | ||
| 020 | _a9781852071608 | ||
| 082 | 0 | 4 |
_a320.120955 _bARC |
| 245 | 1 | 0 | _aThe Iran-Iraq Border : |
| 260 | _c1989. | ||
| 300 | _a758 pages | ||
| 942 | _cENGLISH | ||
| 040 |
_aYourLibrary _beng _cYourLibrary |
||
| 999 |
_c617127 _d617127 |
||